<The> Almanac of American Politics 1994 <The> Senators, the Representatives and the Governors: Their Records and Election Results, Their States and Districts

Enregistré dans:
Détails bibliographiques
Auteur principal: Barone, Michael
Autres auteurs: Ujifusa, Grant
Format: Livre
Langue:anglais
Publié: Washington National Journal 1993
Édition:1. ed.
Sujets:
Tags: Ajouter un tag
Pas de tags, Soyez le premier à ajouter un tag!

MARC

LEADER 00000nam a2200000 4500
001 c019282
005 20221214081749.1
020 |a 0-89234-057-6 
041 0 |a eng 
044 |a US 
245 1 0 |a <The> Almanac of American Politics 1994  |b <The> Senators, the Representatives and the Governors: Their Records and Election Results, Their States and Districts  |c Michael Barone, Grant Ujifusa 
250 |a 1. ed. 
264 1 |a Washington  |b National Journal  |c 1993 
300 |a 1538 s. 
610 2 0 |a politika 
610 2 0 |a osobnosť 
610 2 0 |a poslanci 
610 2 0 |a voľby 
610 2 0 |a USA 
100 1 |a Barone, Michael 
700 1 |a Ujifusa, Grant